000 00514nam a22001697a 4500
003 OSt
005 20250701120539.0
008 250701b |||||||| |||| 00| 0 eng d
020 _a9788120803015
040 _crda
100 _aBhat, M. Ramakrishna.,
_eauthor
245 _aVarahamihira's Brhat Samhita Part-II
_cby M. Ramakrishna Bhat
260 _aNew Delhi:
_bMotilal banarsidass,
_c1987.
300 _aviii,1106p.
650 _2Brhat Samhita
942 _2CC
_cGB
_e1
_hDelta:864XD55,1 P3
_n0
999 _c1433138
_d1433138